000 00353nam a2200133Ia 4500
008 231129s9999||||xx |||||||||||||| ||spa||
020 _a958-9005-06-3
040 _bspa
082 _a(i) 808.068543 F383r
100 _aFerreira Ana Elisa
245 0 _aRetonitos
264 _aAcosta y Frizzoti
942 _2ddc
_cBKS
999 _c24052
_d24052